| 000 | 00811nam a22002297a 4500 | ||
|---|---|---|---|
| 999 |
_c727 _d727 |
||
| 001 | 4734 | ||
| 003 | BD-DhUAP | ||
| 005 | 20200127122154.0 | ||
| 008 | 200127s2002 bg ar 0 0eng | ||
| 040 |
_aDLC _beng _cDLC _dBD-DhUAP |
||
| 082 | 0 | 0 |
_223 _a343.54920402638 SUM |
| 245 | 0 | 0 | _aSummary of taxation rules in Bangladesh. |
| 260 |
_aDhaka : _bMetropolitan Chamber of Commerce and Industry, _c2002. |
||
| 300 |
_avarious pages ; _c35 cm. |
||
| 588 | _aDescription based on: 1982/83; title from cover. | ||
| 588 | _aLatest issue consulted: 2014/15.. | ||
| 650 | 0 |
_aTaxation _xLaw and legislation _zBangladesh _vPeriodicals. |
|
| 650 | 7 |
_aTaxation _xLaw and legislation. |
|
| 655 | 7 |
_aPeriodicals. _2fast _0(OCoLC)fst01411641 |
|
| 710 | 2 | _aMetropolitan Chamber of Commerce and Industry, Dacca. | |
| 942 |
_2ddc _cBK |
||